ARRUPE JESUIT UNIVERSITY

CORONAVIRUS -STOP THE SPREAD - CLEAN,DISINFECT,COVER

Enlightenment and reform in 18th-century Europe / (Record no. 123097)

MARC details
000 -LEADER
fixed length control field 01828cam a2200385 a 4500
001 - CONTROL NUMBER
control field 14033406
003 - CONTROL NUMBER IDENTIFIER
control field ARRUPE
005 - DATE AND TIME OF LATEST TRANSACTION
control field 20150826105411.0
008 - FIXED-LENGTH DATA ELEMENTS--GENERAL INFORMATION
fixed length control field 050712s2005 enkabg b 001 0 eng d
010 ## - LIBRARY OF CONGRESS CONTROL NUMBER
LC control number 2005298531
020 ## - INTERNATIONAL STANDARD BOOK NUMBER
International Standard Book Number 1860649491 (hbk)
020 ## - INTERNATIONAL STANDARD BOOK NUMBER
International Standard Book Number 1860649505 (pbk.)
024 3# - OTHER STANDARD IDENTIFIER
Standard number or code 9781860649493 (hbk.)
024 3# - OTHER STANDARD IDENTIFIER
Standard number or code 9781860649509 (pbk.)
035 ## - SYSTEM CONTROL NUMBER
System control number (OCoLC)ocm56457956
040 ## - CATALOGING SOURCE
Original cataloging agency UKM
Transcribing agency UKM
Modifying agency OCLCQ
-- BWKUK
-- OCL
-- DLC
042 ## - AUTHENTICATION CODE
Authentication code lccopycat
043 ## - GEOGRAPHIC AREA CODE
Geographic area code e------
050 00 - LIBRARY OF CONGRESS CALL NUMBER
Classification number B802
Item number .B36 2005
082 00 - DEWEY DECIMAL CLASSIFICATION NUMBER
Classification number 940.2/53
Edition number 22
300 ## - PHYSICAL DESCRIPTION
Other physical details ill., maps, music ;
Dimensions 23 cm.
100 1# - MAIN ENTRY--PERSONAL NAME
Personal name Beales, Derek Edward Dawson.
9 (RLIN) 18745
245 10 - TITLE STATEMENT
Title Enlightenment and reform in 18th-century Europe /
Statement of responsibility, etc Derek Beales.
260 ## - PUBLICATION, DISTRIBUTION, ETC. (IMPRINT)
Place of publication, distribution, etc London ;
-- New York :
Name of publisher, distributor, etc I.B. Tauris ;
Place of publication, distribution, etc New York :
Name of publisher, distributor, etc Distributed in the U.S. by Palgrave Macmillan,
Date of publication, distribution, etc 2005.
300 ## - PHYSICAL DESCRIPTION
Extent 326 p. :
440 #0 - SERIES STATEMENT/ADDED ENTRY--TITLE
Title International library of historical studies ;
Volume number/sequential designation 29
9 (RLIN) 18746
504 ## - BIBLIOGRAPHY, ETC. NOTE
Bibliography, etc Includes bibliographical references (p. [309]-313) and index.
650 #0 - SUBJECT ADDED ENTRY--TOPICAL TERM
Topical term or geographic name as entry element Enlightenment.
9 (RLIN) 18747
651 #0 - SUBJECT ADDED ENTRY--GEOGRAPHIC NAME
Geographic name Europe
General subdivision Politics and government
Chronological subdivision 18th century.
9 (RLIN) 6065
856 42 - ELECTRONIC LOCATION AND ACCESS
Materials specified Contributor biographical information
Uniform Resource Identifier <a href="http://www.loc.gov/catdir/enhancements/fy0627/2005298531-b.html">http://www.loc.gov/catdir/enhancements/fy0627/2005298531-b.html</a>
856 42 - ELECTRONIC LOCATION AND ACCESS
Materials specified Publisher description
Uniform Resource Identifier <a href="http://www.loc.gov/catdir/enhancements/fy0627/2005298531-d.html">http://www.loc.gov/catdir/enhancements/fy0627/2005298531-d.html</a>
856 41 - ELECTRONIC LOCATION AND ACCESS
Materials specified Table of contents only
Uniform Resource Identifier <a href="http://www.loc.gov/catdir/enhancements/fy0627/2005298531-t.html">http://www.loc.gov/catdir/enhancements/fy0627/2005298531-t.html</a>
906 ## - LOCAL DATA ELEMENT F, LDF (RLIN)
a 7
b cbc
c copycat
d 2
e ncip
f 20
g y-gencatlg
942 ## - ADDED ENTRY ELEMENTS (KOHA)
Source of classification or shelving scheme Library of Congress Classification
Koha item type Monograph ( Printed materials)
Holdings
Withdrawn status Lost status Source of classification or shelving scheme Damaged status Not for loan Collection code Home library Current library Shelving location Date acquired Total Checkouts Full call number Barcode Date last seen Price effective from Koha item type
    Library of Congress Classification     Main Collection ARRUPE LIBRARY ARRUPE LIBRARY Main Collection 26/08/2015   B802.B36 2005 464123197 26/08/2015 26/08/2015 Monograph ( Printed materials)

 

Arrupe Library. PO Box MP320 Mt Pleasant, Harare, Zimbabwe
263 242 745411|librarian@aju.ac.zw